LEADER 00936naa a2200229 u 4500 001 000000096279 003 CaOOAMICUS 005 20070226130145.0 008 040924s1985 gw u000 u ita u 020 $a3110105314 035 $a11008508 040 $aIAR$bita 100 1 $aPaschetto, Eugenia.$0(OLS)http://pul/name/61441 245 10$aAlcuni fonti mediche arabe dell'Epistola de natura demonum di Witelo /$cEugenia Paschetto. 260 $aBerlin :$bW. de Gruyter,$c1985. 300 $aS. 344-357, ;$c25 cm 773 0 $aOrientalische Kultur und europäisches Mittelalter. 773 0 $aMiscellanea mediaevalia.$g17 773 0 $tOrientalische Kultur und europäisches Mittelalter$w()2374 996 $6020$a3110105314$9(OLS)http://pul/number/3169 996 $6245$aAlcuni fonti mediche arabe dell'Epistola de natura demonum di Witelo$9(OLS)http://pul/title/123155 996 $6260$aBerlin :$bW. de Gruyter$9(OLS)http://pul/publisher/48032 LEADER 01341nam a2200337 a 4500 001 000000176041 003 CaOOAMICUS 005 20230830124025.0 006 a 000 u 006 a 000 u 008 230830s2023 it 000 u ita r 020 $z978-88-372-3710-3* 032 $aLibriCat 040 $aPUL$bita 082 04$a226 100 1 $aSacchi, Paolo.$0(OLS)http://pul/name/75 245 10$aGesù figlio dell'uomo :$bleggendo Marco / $cPaolo Sacchi. 260 $aBrescia :$bMorcelliana,$c©2023. 300 $a85 p. ;$b$c19 cm 490 1 $aIl pellicano rosso. Nuova serie ;$v348 630 04$aBiblia.$pN.T.$pMarcus$xStudi.$0(OLS)http://pul/subject/37443 650 4$aCristologia$xStudi.$0(OLS)http://pul/subject/36480 830 3$aIl pellicano rosso.$pNuova serie ;$v348.$0(OLS)http://pul/title/103420 850 $aPUL 852 $aPUL$W1$xSL Religione 3$y85$m230 COLL 12.348$j200205$qDDC 21$B204987$CPULBib$Z2$F204987 $H136447 $82 941 1 $a9 996 $6020$z978-88-372-3710-3*$9(OLS)http://pul/number/169259 996 $6082$a226$9(OLS)http://pul/classification/421 996 $6245$aGesù figlio dell'uomo :$bleggendo Marco / $9(OLS)http://pul/title/217541 996 $6260$aBrescia :$bMorcelliana$9(OLS)http://pul/publisher/47854